00506nam a22001577a 450000500170000000800410001702000180005804100130007608200150008910000270010424500860013125000190021726000540023630000330029065000250032320240131084956.0240131b |||||||| |||| 00| 0 eng d a9781485133636 aEnglish  a347.1 ECK  aBroodryk, T lEnglish  aEckard's Principles of Civil Procedure in the Magistrates' Courts / cT Broodryk  aSixth Edition  aCape Town : bJuta and Company (Pty) Ltd, c2019  blxv, 372 pages ; c25,5 cm.  aLegal practice bLaw